Adam and evolution : (Record no. 127605)

MARC details
000 -LEADER
fixed length control field 00734nam a22002297a 4500
005 - DATE AND TIME OF LATEST TRANSACTION
control field 20170124110027.0
010 ## - LIBRARY OF CONGRESS CONTROL NUMBER
LC control number A-408929
020 ## - INTERNATIONAL STANDARD BOOK NUMBER
Terms of availability 00.00
International Standard Book Number 0801071011
035 ## - SYSTEM CONTROL NUMBER
System control number A-408929
037 ## - SOURCE OF ACQUISITION
Source of stock number/acquisition Cen Lib/Ret
040 ## - CATALOGING SOURCE
Original cataloging agency DPL
Language of cataloging EN
082 ## - DEWEY DECIMAL CLASSIFICATION NUMBER
Classification number 575
Item number PIT
100 ## - MAIN ENTRY--PERSONAL NAME
Personal name Pitman,Michael
9 (RLIN) 20992
245 ## - TITLE STATEMENT
Title Adam and evolution :
Statement of responsibility, etc by Michael Pitman
Remainder of title ascientific critique of neo-darwinism /
260 ## - PUBLICATION, DISTRIBUTION, ETC. (IMPRINT)
Place of publication, distribution, etc Michigan
Name of publisher, distributor, etc Baker Book House
Date of publication, distribution, etc 1987
270 ## - ADDRESS
Address grands rapids
City Michigan
Postal code 49516
300 ## - PHYSICAL DESCRIPTION
Extent 268p. ;
Dimensions 21cm(Hb)
Other physical details ill.
500 ## - GENERAL NOTE
General note Includes glossary, bibliographical references and index
650 ## - SUBJECT ADDED ENTRY--TOPICAL TERM
Topical term or geographic name as entry element Creationism
Form subdivision
9 (RLIN) 20993
650 ## - SUBJECT ADDED ENTRY--TOPICAL TERM
Topical term or geographic name as entry element Religion and science
9 (RLIN) 11093
942 ## - ADDED ENTRY ELEMENTS (KOHA)
Source of classification or shelving scheme Dewey Decimal Classification
Koha item type English Books
Classification part 575
Call number suffix PIT
Holdings
Withdrawn status Lost status Damaged status Not for loan Home library Current library Date acquired Source of acquisition Cost, normal purchase price Total Checkouts Full call number Barcode Date last seen Date checked out Copy number Cost, replacement price Price effective from Koha item type
        Central Library Central Library 30/06/2015 Cen Lib/Ret 0.00 1 575 PIT A-408929 15/10/2024 07/10/2024 1 0.00 30/06/2015 English Books

© Delhi Public Library
Hit Counter
free hit counter